STUDY ON LAND USE CHANGE BEFORE AND AFTER LAND REGISTERATION IN YEAYMAO PICHNEL COMMUNE, PHNOM SROUCH DISTRICT, KAMPONG SPEU PROVINCE USING ARCGIS PRO សិក្សាពីបម្រែបម្រួលការប្រើប្រាស់ដីធ្លី មុនពេល​ និងក្រោយពេលចុះបញ្ជីនៅក្នុងឃុំយាយម៉ៅពេជ្រនិល ស្រុកភ្នំស្រួច ខេត្តកំពង់ស្ពឺ ដោយប្រើប្រាស់កម្មវិធី ArcGIS Pro (Record no. 24920)

000 -LEADER
fixed length control field 00962nam a22001337a 4500
040 ## - CATALOGING SOURCE
Transcribing agency RUA
082 ## - DEWEY DECIMAL CLASSIFICATION NUMBER
Classification number LMA HEA 2024 B1-398 Or.1
100 ## - MAIN ENTRY--AUTHOR NAME
Personal name HEANG SONGHENG ហៀង សុងហេង
245 ## - TITLE STATEMENT
Title STUDY ON LAND USE CHANGE BEFORE AND AFTER LAND REGISTERATION IN YEAYMAO PICHNEL COMMUNE, PHNOM SROUCH DISTRICT, KAMPONG SPEU PROVINCE USING ARCGIS PRO សិក្សាពីបម្រែបម្រួលការប្រើប្រាស់ដីធ្លី មុនពេល​ និងក្រោយពេលចុះបញ្ជីនៅក្នុងឃុំយាយម៉ៅពេជ្រនិល ស្រុកភ្នំស្រួច ខេត្តកំពង់ស្ពឺ ដោយប្រើប្រាស់កម្មវិធី ArcGIS Pro
260 ## - PUBLICATION, DISTRIBUTION, ETC. (IMPRINT)
Place of publication RUA
Name of publisher PHNOM PENH
Year of publication 2024
300 ## - PHYSICAL DESCRIPTION
Number of Pages viii
Other physical details ill
Dimensions 29cm
856 ## - ELECTRONIC LOCATION AND ACCESS
Uniform Resource Identifier https://drive.google.com/file/d/1PNqmKjm69BVezKn1HrVOcE35vsRcbIIE/view?usp=sharing
942 ## - ADDED ENTRY ELEMENTS (KOHA)
Koha item type LMA
952 ## - LOCATION AND ITEM INFORMATION (KOHA)
Withdrawn status [LOCAL, KOHA] 0
952 ## - LOCATION AND ITEM INFORMATION (KOHA)
Withdrawn status [LOCAL, KOHA] 0
Holdings
Permanent Location Date acquired Koha item type Lost status Shelving location Barcode Current Location Full call number
Library Block B2025-05-13LMA B1.398A084432Library Block BLMA HEA 2024 B1-398 Or.1
Library Block B2025-05-13LMA B1.398A083832Library Block BLMA HEA 2024 B1-398 Or.2
មជ្ឈមណ្ឌលឯការនៃសាកលវិទ្យាល័យភូមិន្ទកសិកម្មចំការដូង

Powered by Koha